000 00765nam a22002297a 4500
003 OSt
005 20220107122748.0
008 130914b xxu||||| |||| 00| 0 eng d
020 _a9788131716724
040 _cIIITM-K
082 _a006.454 JUR/S;5
100 _aJurafsky, Daniel
_92384
245 _aSpeech and language processing:
_bAn introduction to natural language processing, computational linguistics, and speech recognition
_cby Daniel Jurafsky; James H Martin
260 _aNew Delhi,
_bDorling Kindersley,
_c2000.
300 _a 908p.
650 _aCOMPUTATIONAL LINGUISTICS
_92385
650 _aSPEECH RECOGNITION
_92386
650 _aNATURAL LANGUAGE PROCESSING
_92387
650 _aNLP
_95543
700 _aMartin, James H
_92388
942 _2ddc
_cBK
999 _c4280
_d4280